000 00309nam a2200121Ia 4500
005 20260328101522.0
008 260328s9999||||xx |||||||||||||| ||und||
100 _aJodidio, Philip
245 0 _aSerpentine gallery pavillions /
_cPhilip Jodidio
260 _bTaschen
650 _aARQUITECTURA CIVIL
942 _cBK
999 _c9632
_d9632